000 00804nam a2200265Ia 4500
003 OSt
005 20220928112527.0
006 a|||||r|||| 00| 0
007 ta
008 220927b |||||||| |||| 00| 0 eng d
020 _c7379.6800000000003
024 _a129526
037 _b415, 03/03/2016, Kiran Book Service
_cTextual
040 _aSDCL
_cSDCL
_beng
041 _2eng
_aeng
082 _a4OaY7, P5
100 _aRothenbuhler Eric W. Ed.
_9428586
245 0 _aMedia anthropology
260 _aNew Delhi
_bSage Publications
_c2005
300 _aix-350p
_ccm.
650 _aHindi
_9391598
700 _a Coman Mihai Ed.
_9428587
942 _h4OaY7, P5
_cTEXL
_2CC
999 _c745134
_d745134